000 00333nam a2200133Ia 4500
008 240624s9999 xx 000 0 und d
041 _aeng
082 _a297.09 ESP
100 _aESPOSITO JOHN L
245 _aFUTURE OF ISLAM
260 _c2010
_aNew Delhi
_bOxford India
300 _axviii, : 234 : p. : cm. ; 23
365 _cRS
_b31
999 _c23354
_d23354